000 01040nam a2200313Ia 4500
003 OSt
005 20220912151319.0
006 a|||||r|||| 00| 0
007 ta
008 220909b |||||||| |||| 00| 0 eng d
020 _a0201342901 (pbk)
024 _a6232
037 _bNarosa,
037 _cTextual
040 _aCSL
_beng
_cCSL
041 _aeng
082 _aB38, N9
100 _aOsborne Anthony D
245 0 _aComplex variables and their applications by Anthony D Osborne
260 _aHarlow
_bAddison Wesley Longman
_c1999
300 _aix,454p
490 _aInternational mathematics series
500 _aBibliography 439p; Index 450-454p; ^n23/CSL/B-SAP/99-2000/298^d1999-07-23^mPurchase; ; 99-2000/144^b1999-08-10^c50537^d1999-07-26^eNarosa Book Distributors Private Limited; ; 1999-08-12^c1999-08-20^r1999-11-10
650 _a Analysis
650 _a Complex variables
650 _aMathematics
942 _hB38, N9
_cTEXL
_2CC
999 _c65813
_d65813